000 00520nam a2200193Ia 4500
005 20250326124459.0
008 250326s9999 xx 000 0 und d
037 _aTextbook
040 _aFMSL
_beng
_cFMSL
041 _aeng
_2eng
084 _aX:8 K5
_qFMSL
100 _aNewman W H
_9385904
245 0 _aBusiness policies and central management
_cNewman W H
250 _a5
260 _aBombay
_bBombay, D B Taraporevala
_c1965
300 _a948p
942 _cTB
_hX:8 K5
999 _c1273880
_d1273880